AC Milan 2020's Starting XI - Statistics

General Stats
  • This quiz has been taken 9,312 times
    2,932 since last reset
  • The average score is 22 of 32
Answer Stats
Player % Correct
Mike Maignan
98%
Christian Pulisic
97%
Rafael Leão
97%
Gianluigi Donnarumma
90%
Zlatan Ibrahimović
90%
Olivier Giroud
88%
Fikayo Tomori
87%
Theo Hernández
86%
Franck Kessié
82%
Simon Kjær
82%
Hakan Çalhanoğlu
80%
Ismaël Bennacer
79%
Álvaro Morata
76%
Tijjani Reijnders
76%
Malick Thiaw
72%
Malick Thiaw
72%
Davide Calabria
70%
Sandro Tonali
65%
Strahinja Pavlović
65%
Ruben Loftus-Cheek
63%
Yunus Musah
60%
Pierre Kalulu
58%
Ante Rebić
57%
Youssouf Fofana
56%
Alessio Romagnoli
53%
Brahim Díaz
53%
Alexis Saelemaekers
52%
Matteo Gabbia
51%
Samu Castillejo
34%
Junior Messias
31%
Yacine Adli
26%
Andrea Conti
19%
No matching quizzes found
Score Distribution
Percent of People with Each Score
Percentile by Number Answered
Your Score History
You have not taken this quiz since the last reset